000 00616nam a22002537a 4500
003 UA-OsUOA
001 28843
007 ta
008 20050511b un ||||| |||| 00| 0 ukr d
100 _aПашутинський Є. К.
090 _a331.108(083.133)
_bП22
942 _cBK
040 _aUA-OsUOA
_brus
_cUA-OsUOA
_dUA-OsUOA
245 _aЗразки посадових інструкцій
300 _a256 с.
955 _a0
041 _arus
080 _a331.108(083.133)
020 _a966-8062-57-4
260 _aКиїв
_bКНТ
_c2004
044 _aUA
650 7 _2UDC
999 _c315216
_d315216